000 00868cam a22002531 4500
001 ne 68003181
003 DLC
005 20260227111846.0
008 790913s1966 le ah 000 0 ara
010 _ane 68003181
035 _a(OCoLC)5370092
040 _aDLC
_cMiU
_dDLC
042 _apremarc
050 0 0 _aPJ4150.Z73
_bF8
100 1 _aFurayḥah, Anīs, 1903-
_ecomp.
245 1 0 _aMalāḥim wa-asāṭīr min Ūghārīt (Raʼs al-Shamrā)
_ctaʼlīf Anīs Furayḥah.
260 _aBayrūt,
_bal-Jāmiʻah al-Amīrkīyah fī Bayrūt,
_c1966.
300 _a687 p.
_billus., facsim.
_c25 cm.
490 0 _aal-Jāmiʻah al-Amīrkīyah fī Bayrūt. Manshūrāt al-ʻĪd al-Miʼawī
500 _aIncludes texts transcribed in Arabic, and translations.
504 _aIncludes bibliographies.
650 0 _aUgaritic language
_xTexts.
740 0 _aŪghārīt
999 _c50708
_d50708